00833cam a22002534a 450000100090000000300040000900500170001300800410003001000170007102000250008804000180011304200080013105000220013908200210016110000230018224501110020526000650031630000380038149000230041950400600044265000370050270000200053970000200055916851027OSt20230926131953.0110630s2012 enka b 001 0 eng  a 2011027630 a9780273738107 (pbk.) aDLCcDLCdDLC apcc00aBF39b.S7866 201200a150.15195bSTE/S1 aSteele, Catherine.10aStatistics in psychology /cCatherine Steele, Holly Andrews, Dominic Upton ; series editor, Dominic Upton. aHarlow, England ;aNew York :bPrentice Hall/Pearson,c2012. axv, 180 p. :bcol. ill. ;c24 cm.0 aPsychology express aIncludes bibliographical references (p. 176) and index. 0aPsychologyxStatistical methods.1 aAndrews, Holly.1 aUpton, Dominic.